000 00329nam a2200133Ia 4500
008 240624s9999 xx 000 0 und d
041 _aeng
082 _a158.7 SCH
100 _aSCHULTZ DUANE
245 _aPSYCHOLOGY AND WORK TODAY
260 _c2017
_aNew Delhi
_bRoutledge
300 _axxv, 426 p.; 23 cm.
365 _cRS
_b35
999 _c31511
_d31511